000 00676nam a2200277Ia 4500
005 20260320195847.0
008 008 262003s9999 xx 000 0 hin d
020 _a9789388183444
037 _aEBOOK
040 _aCRL
040 _bhin
040 _cCRL
041 _2hin
041 _ahin
084 _qCRL
100 _aकमलेश
_91133351
245 0 _aरुसी संस्कृति : उद्भव और विनाश
250 _a1st
260 _bRajkamal
260 _c2018
300 _a327
856 _uhttps://ebook.indiaread.in/pdfs/9789388183444.pdf
942 _cEBOOK
999 _c1716884
_d1716884